Literal Country Names- Europe - Statistics

General Stats
  • This quiz has been taken 40 times
  • The average score is 21 of 46
Answer Stats
Hint Answer % Correct
Ice Land Iceland
97%
Land of the Swiss Switzerland
97%
United Kingdom United Kingdom
97%
River Bosna and Property of a Duke Bosnia and Herzegovina
94%
Land of the Czechs Czechia
94%
Northern Way Norway
91%
Land of the Rus Russia
91%
Land of Saint Marinus San Marino
91%
Land of the Slovac Slovakia
91%
Land of the Belgae Belgium
88%
Land of the Franks France
88%
White Russian Belarus
84%
Papal Palace on the Hill Vatican City
81%
Lowlands Netherlands
78%
People From Rome Romania
78%
Land of the Black Mountain Montenegro
75%
Land of Hellas Greece
72%
Country of Magyars Hungary
72%
Land of the Svear Sweden
59%
Island of Copper Cyprus
56%
Land of the Eriu Ireland
53%
Port of Cale Portugal
53%
Land of Eagles Albania
41%
Bright Stone Liechtenstein
38%
Eastern Realm Austria
34%
Flat Borderland Denmark
25%
Land of the People Germany
25%
Little Castle Luxembourg
16%
Land on the Edge Ukraine
16%
Waterside Dwellers Estonia
13%
Land of Young Cattle Italy
13%
Dark River Moldova
13%
People of the Fields Poland
13%
Land of Many Rabbits Spain
13%
Land Finland
9%
Field of the Blackbirds Kosovo
9%
Land of Tall People Macedonia
9%
Single House Monaco
9%
Home of the Mixed Tribes Bulgaria
6%
On the Mountain Edge Croatia
6%
Forest Clearers Latvia
6%
Shoreland Lithuania
6%
Place of Refuge Malta
6%
Land of the Men Serbia
6%
Land of People Who Speak the Same Language Slovenia
6%
Shrub Covered Land Andorra
3%
No matching quizzes found
Score Distribution
Percent of People with Each Score
Percentile by Number Answered
Your Score History
You have not taken this quiz